| 000 | 00517nam a22002057a 4500 | ||
|---|---|---|---|
| 003 | OSt | ||
| 005 | 20140310181745.0 | ||
| 008 | 130620t xxu||||| |||| 00| 0 eng d | ||
| 020 | _a9608718682 | ||
| 050 |
_aBD 161 _b.Ek36 2006 |
||
| 082 |
_aIB 121.21 _bEk1 2006 |
||
| 100 | _aEK. | ||
| 245 |
_aWhere art and science entwine / _cEK. |
||
| 260 |
_aAthens, Greece : _bAnagnosis, _cc2006. |
||
| 300 |
_a70 p.: _bill. (some col.) ; _c21 cm. |
||
| 942 |
_2lcc _cBK |
||
| 999 |
_c2946 _d2946 |
||